Technology, e-learning and distance education (Record no. 152514)

MARC details
000 -LEADER
fixed length control field 00637nam a22002297a 4500
003 - CONTROL NUMBER IDENTIFIER
control field dpl
005 - DATE AND TIME OF LATEST TRANSACTION
control field 20180602155723.0
008 - FIXED-LENGTH DATA ELEMENTS--GENERAL INFORMATION
fixed length control field 180602b xxu||||| |||| 00| 0 eng d
010 ## - LIBRARY OF CONGRESS CONTROL NUMBER
LC control number B-161077
020 ## - INTERNATIONAL STANDARD BOOK NUMBER
International Standard Book Number 9780415284370
Terms of availability 0.00
035 ## - SYSTEM CONTROL NUMBER
System control number B-161077
037 ## - SOURCE OF ACQUISITION
Source of stock number/acquisition BPPD/PUB
040 ## - CATALOGING SOURCE
Transcribing agency 0
082 ## - DEWEY DECIMAL CLASSIFICATION NUMBER
Classification number 371.334
100 ## - MAIN ENTRY--PERSONAL NAME
Personal name Bates, A. W. Tony
245 ## - TITLE STATEMENT
Title Technology, e-learning and distance education
Statement of responsibility, etc A. W. Tony Bates
250 ## - EDITION STATEMENT
Edition statement 2nd ed.
260 ## - PUBLICATION, DISTRIBUTION, ETC. (IMPRINT)
Place of publication, distribution, etc New York
Name of publisher, distributor, etc Routledge
Date of publication, distribution, etc 1995
300 ## - PHYSICAL DESCRIPTION
Extent x, 246p.
Dimensions 22cm. (Pbk)
500 ## - GENERAL NOTE
General note Includes index.
942 ## - ADDED ENTRY ELEMENTS (KOHA)
Institution code [OBSOLETE] dpl
Koha item type English Books
Call number prefix 371.334 / BAT
Source of classification or shelving scheme Dewey Decimal Classification
Classification part 371.334
Call number suffix BAT
Holdings
Withdrawn status Lost status Source of classification or shelving scheme Damaged status Not for loan Collection code Home library Current library Date acquired Source of acquisition Cost, normal purchase price Total Checkouts Total Renewals Full call number Barcode Date last seen Date checked out Cost, replacement price Price effective from Koha item type
    Dewey Decimal Classification     Non-fiction Shahdara Branch Shahdara Branch 02/06/2018 BPPD/PUB 0.00 1 1 371.334 BAT B-161077 03/01/2019 29/12/2018 0.00 02/06/2018 English Books

© Delhi Public Library
Hit Counter
free hit counter